Statistics for Mario Kart 8 Deluxe Track Image Quiz

Click here to take the quiz!

General Stats

  • This quiz has been taken 43 times
  • The average score is 52 of 96

Answer Stats

Answer% Correct
Tick-Tock Clock
92%
Koopa Cape
80%
Moo Moo Meadows
80%
Ribbon Road
80%
Sky Garden
76%
Daisy Circuit
72%
Mario Circuit
72%
Ninja Hideaway
72%
Rainbow Road
72%
Rock Rock Mountain
72%
Waluigi Pinball
72%
Bowser's Castle
68%
Cheep Cheep Beach
68%
Cheese Land
68%
Peach Gardens
68%
Rainbow Road
68%
Rainbow Road
68%
Rainbow Road
68%
Bone-Dry Dunes
64%
Coconut Mall
64%
Ice Ice Outpost
64%
Mushroom Gorge
64%
Sunshine Airport
64%
Daisy Cruiser
60%
DK Jungle
60%
Hyrule Circuit
60%
Mario Circuit
60%
Music Park
60%
Squeaky Clean Sprint
60%
Thwomp Ruins
60%
Twisted Mansion
60%
Waluigi Stadium
60%
Yoshi Circuit
60%
DK Mountain
56%
Excitebike Arena
56%
Grumble Volcano
56%
Maple Treeway
56%
Mario Kart Stadium
56%
Mount Wario
56%
Neo Bowser City
56%
Rainbow Road
56%
Shroom Ridge
56%
Shy Guy Falls
56%
Singapore Speedway
56%
Snow Land
56%
Super Bell Subway
56%
Sweet Sweet Canyon
56%
Toad Circuit
56%
Toad's Turnpike
56%
Wario Stadium
56%
Wild Woods
56%
Yoshi Valley
56%
Choco Mountain
52%
Cloudtop Cruise
52%
Kalimari Desert
52%
Merry Mountain
52%
Mute City
52%
Sherbet Land
52%
Toad Harbor
52%
Tokyo Blur
52%
Animal Crossing
48%
Athens Dash
48%
DK Summit
48%
Electrodrome
48%
London Loop
48%
Los Angeles Laps
48%
Mario Circuit
48%
New York Minute
48%
Paris Promenade
48%
Rosalina's Ice World
48%
Sky-High Sundae
48%
Sunset Wilds
48%
Sydney Sprint
48%
Big Blue
44%
Boo Lake
44%
Dolphin Shoals
44%
Dry Dry Desert
44%
Riverside Park
44%
Rome Avanti
44%
Wario's Gold Mine
44%
Yoshi's Island
44%
Amsterdam Drift
40%
Bangkok Rush
40%
Berlin Byways
40%
Mario Circuit 3
40%
Piranha Plant Slide
40%
Royal Raceway
40%
Vancouver Velocity
40%
Dragon Driftway
36%
Moonview Highway
36%
Donut Plains 3
32%
Piranha Plant Cove
32%
Bowser Castle 3
28%
Madrid Drive
28%
Baby Parc
4%
Water Parc
4%

Score Distribution

Percentile by Number Answered

Percent of People with Each Score

Your Score History

You have not taken this quiz